Southville International School and Colleges
Your cart is empty.
  • Cart
  • Lists
    Public lists Eva Luna New books Lux_list list_1
    Your lists Log in to create your own lists
  • Log in to your account
  • Your cookies
  • Search history
Southville International School and Colleges
  • Advanced search
  • Recent comments
  • Most popular
  • Libraries

Log in to your account

Log in with GOOGLE


If you do not have an external account, but do have a local account, you can still log in:

  1. Home
  2. MARC view: Discourse analysis :
Normal view MARC view ISBD view

Discourse analysis : (Record no. 115667)

[ view plain ]
MARC details
000 -LEADER
fixed length control field 00538nam a2200181Ia 4500
008 - FIXED-LENGTH DATA ELEMENTS--GENERAL INFORMATION
fixed length control field 140429s9999 xx 000 0 und d
020 ## - INTERNATIONAL STANDARD BOOK NUMBER
International Standard Book Number 9780415610001
050 ## - LIBRARY OF CONGRESS CALL NUMBER
Classification number P 302
Item number .J66 2012
100 ## - MAIN ENTRY--PERSONAL NAME
Personal name Jones, Rodney H.
245 ## - TITLE STATEMENT
Title Discourse analysis :
Remainder of title a resource book for students /
Statement of responsibility, etc Rodney H. Jones.
260 ## - PUBLICATION, DISTRIBUTION, ETC. (IMPRINT)
Place of publication, distribution, etc New York :
Name of publisher, distributor, etc Routledge,
Date of publication, distribution, etc c2012.
300 ## - PHYSICAL DESCRIPTION
Extent 229 p. :
Dimensions 26 cm.
500 ## - GENERAL NOTE
General note Includes bibliographical references and index.
521 ## - TARGET AUDIENCE NOTE
Target audience note
650 ## - SUBJECT ADDED ENTRY--TOPICAL TERM
Topical term or geographic name as entry element Discourse analysis.
942 ## - ADDED ENTRY ELEMENTS (KOHA)
Call number prefix Foreign
Koha item type Books
Holdings
Withdrawn status Lost status Damaged status Home library Current library Shelving location Date acquired Source of acquisition Cost, normal purchase price Total Checkouts Total Renewals Full call number Barcode Date last seen Date checked out Price effective from Koha item type
      College Library College Library Reserve Section 04/29/2014 Library Fund 2090.00 3 4 P 302 .J66 2012 C16990 12/03/2018 11/08/2018 04/29/2014 Books

Discourse analysis :

APA

Jones R. H., . (2012). Discourse analysis. New York: Routledge.

Chicago

Jones Rodney H, . 2012. Discourse analysis. New York: Routledge.

Harvard

Jones R. H., . (2012). Discourse analysis. New York: Routledge.

MLA

Jones Rodney H, . Discourse analysis. New York: Routledge. 2012.

  • Place hold
  • Print
  • Cite
  • Add to your cart (remove)
  • Save record
    BIBTEX Dublin Core MARCXML MARC (non-Unicode/MARC-8) MARC (Unicode/UTF-8) MARC (Unicode/UTF-8, Standard) MODS (XML) RIS
  • More searches
    Search for this title in:
    Other Libraries (WorldCat) Other Databases (Google Scholar) Online Stores (Bookfinder.com) Open Library (openlibrary.org)

Exporting to Dublin Core...

SOUTHVILLE LIBRARY

Southville International School and Colleges Library

1281 Tropical Ave. Cor. Luxembourg St., BF Homes International, Las Pinas City

Tel. No. 8256374 / 252358 Loc. 117/146

Powered by Koha